00947nam a2200265uu 4500001000800000005001700008008004100025035001200066035002100078040001300099041000800112082000800120110003800128245017100166250001100337260003400348300003500382650004300417650004400460650003300504650002600537650004700563650004300610700002800653102889020260507074850.0070512s2006 spa  a1028890 a(OCoLC)777604352 ccomduadb aspa 4a37020aCorporacion Afroamerica4auteaut10aSankofa : catedra de estudios afrocolombianos : desde Uraba y Choco : programa de asistencia integral a la poblacion afrodescendiente de las regiones de Uraba y Choco a1. ed. aMedellín :bComfama,c2006. a112 páginas :bilustraciones aAfrocolombianos - Condiciones sociales aChoco (Colombia) - Condiciones sociales aPlanes de estudio - Colombia aPropuestas educativas aUrabá (Antioquia) - Condiciones sociales 7aAntropología de la educación2lemb10aFerrin, Pedro4reseres